000 00864cam a22003013a 4500
001 4552
003 PGUSA
005 20140828083058.0
008 031001s2003||||xxu|||||s|||||000 1 eng d
040 _aPGUSA
_beng
042 _adc
050 4 _aPS
100 1 _aGrey, Zane,
_d1872-1939
245 1 4 _aThe Border Legion
_h[electronic resource] /
_cZane Grey
260 _bProject Gutenberg,
_c2003
506 _aPublic domain in the USA.
516 _aElectronic text
653 _aGold mines and mining -- Fiction
653 _aTriangles (Interpersonal relations) -- Fiction
653 _aOutlaws -- Fiction
653 _aLove stories
653 _aWestern stories
653 _aKidnapping victims -- Fiction
653 _aMontana -- Fiction
830 0 _aProject Gutenberg
_v4552
856 4 0 _uhttp://www.gutenberg.org/ebooks/4552
942 _cEB
999 _c233881
_d233881